Sélection de tuiles - Nouvelle Aquitaine - Statistiques

Statistiques générales
  • Ce quiz a été pris 30 fois
  • Le résultat moyen est 34 sur 45
Statistiques - réponses
Question Tuile Select % Correct
Quelles villes de Nouvelle Aquitaine ne possèdent pas de plage ? Biscarosse Non
100%
Quelles villes font parties de la Nouvelle Aquitaine ? Bordeaux Oui
100%
Quelles villes font parties de la Nouvelle Aquitaine ? Dijon Non
100%
Quelles villes font parties de la Nouvelle Aquitaine ? Nantes Non
100%
Quelles villes font parties de la Nouvelle Aquitaine ? Tours Non
100%
Quelles sont les villes de Nouvelle Aquitaine Non
96%
Quelles villes font parties de la Nouvelle Aquitaine ? Bayonne Oui
96%
Quelles villes de Nouvelle Aquitaine ne possèdent pas de plage ? Biarritz Non
96%
Quelles villes de Nouvelle Aquitaine ne possèdent pas de plage ? Poitiers Oui
96%
Quelles villes font parties de la Nouvelle Aquitaine ? Anglet Oui
92%
Quelles villes de Nouvelle Aquitaine ne possèdent pas de plage ? Anglet Non
92%
Quelles villes font parties de la Nouvelle Aquitaine ? La Rochelle Oui
92%
Quelles villes de Nouvelle Aquitaine ne possèdent pas de plage ? La Rochelle Non
92%
Quelles villes possèdent un club de rugby évoluant dans l’une des 2 premières divisions françaises ? Lourdes Non
92%
Quelles sont les villes de Nouvelle Aquitaine Non
88%
Quelles villes possèdent un club de rugby évoluant dans l’une des 2 premières divisions françaises ? Bordeaux Oui
88%
Quelles villes possèdent un club de rugby évoluant dans l’une des 2 premières divisions françaises ? Limoges Non
88%
Quelles villes possèdent un club de rugby évoluant dans l’une des 2 premières divisions françaises ? Niort Non
88%
Quelles villes font parties de la Nouvelle Aquitaine ? Pau Oui
88%
Quelles villes de Nouvelle Aquitaine ne possèdent pas de plage ? Pau Oui
88%
Quelles villes font parties de la Nouvelle Aquitaine ? Tarbes Non
88%
Quelles sont les villes de Nouvelle Aquitaine Non
83%
Quelles sont les villes de Nouvelle Aquitaine Non
83%
Quelles villes de Nouvelle Aquitaine ne possèdent pas de plage ? Dax Oui
83%
Quelles villes de Nouvelle Aquitaine font parties du top 20 des villes où il fait bon vivre en 2025 ? Niort Non
83%
Quelles villes de Nouvelle Aquitaine ne possèdent pas de plage ? Sarla la Caneda Oui
83%
Quelles sont les villes de Nouvelle Aquitaine Oui
79%
Quelles sont les villes de Nouvelle Aquitaine Oui
79%
Quelles villes de Nouvelle Aquitaine font parties du top 20 des villes où il fait bon vivre en 2025 ? La Rochelle Oui
79%
Quelles villes de Nouvelle Aquitaine font parties du top 20 des villes où il fait bon vivre en 2025 ? Limoges Non
79%
Quelles villes possèdent un club de rugby évoluant dans l’une des 2 premières divisions françaises ? Bayonne Oui
75%
Quelles villes possèdent un club de rugby évoluant dans l’une des 2 premières divisions françaises ? La Rochelle Oui
75%
Quelles villes de Nouvelle Aquitaine font parties du top 20 des villes où il fait bon vivre en 2025 ? Poitiers Non
75%
Quelles villes de Nouvelle Aquitaine font parties du top 20 des villes où il fait bon vivre en 2025 ? Biarritz Oui
63%
Quelles villes de Nouvelle Aquitaine font parties du top 20 des villes où il fait bon vivre en 2025 ? Bayonne Oui
58%
Quelles villes possèdent un club de rugby évoluant dans l’une des 2 premières divisions françaises ? Pau Oui
58%
Quelles sont les villes de Nouvelle Aquitaine Non
46%
Quelles villes possèdent un club de rugby évoluant dans l’une des 2 premières divisions françaises ? Biarritz Oui
46%
Quelles sont les villes de Nouvelle Aquitaine Oui
42%
Quelles villes possèdent un club de rugby évoluant dans l’une des 2 premières divisions françaises ? Dax Oui
42%
Quelles villes de Nouvelle Aquitaine ne possèdent pas de plage ? Bayonne Oui
33%
Quelles villes de Nouvelle Aquitaine font parties du top 20 des villes où il fait bon vivre en 2025 ? Pau Oui
33%
Quelles villes de Nouvelle Aquitaine font parties du top 20 des villes où il fait bon vivre en 2025 ? Bordeaux Non
29%
Quelles sont les villes de Nouvelle Aquitaine Oui
25%
Quelles villes de Nouvelle Aquitaine font parties du top 20 des villes où il fait bon vivre en 2025 ? Anglet Oui
25%
Aucun quiz correspondant
Distribution des résultats
% des personnes avec chaque résultat
Percentile par nombre de réponses
Votre historique - résultats
Vous n’avez pas pris ce quiz